| Поле | Название | Значение |
| |
Тип записи |
a |
| |
Библиографический уровень |
m |
| 001 |
Контрольный номер |
RuMoRGB-008628028 |
| 005 |
Дата корректировки |
20201206205024.6 |
| 010 |
Индекс ISBN |
__ |
| a |
ISBN |
978-5-9221-1590-2 (в пер.) |
| d |
Цена |
678-00 |
| 100 |
Данные общей обработки |
__ |
| a |
Данные общей обработки |
19161128d2015||||||| 0rusy0189 ca |
| 101 |
Язык документа |
0_ |
| a |
Язык текста |
rus |
| 102 |
Страна публикации |
__ |
| a |
Страна публикации |
ru| |
| 105 |
Кодированные данные (монография) |
__ |
| a |
Кодированные данные (монография) |
#|||||||000zy |
| 200 |
Заглавие и сведения об ответственности |
1_ |
| a |
Заглавие |
Квазиодномерные магнитные солитоны |
| f |
Первые сведения об ответственности |
А. Б. Борисов, В. В. Киселев |
| b |
Общее обозначение материала |
Текст |
| 210 |
Выходные данные |
__ |
| a |
Место издания |
Москва |
| c |
Издательство |
Физматлит |
| d |
Дата издания |
2015 |
| 215 |
Физическое описание |
__ |
| a |
Объем |
519 с. |
| c |
Иллюстрации/тип воспроизводства |
ил. |
| d |
Формат |
22 см |
| 300 |
Общие примечания |
__ |
| a |
Общие примечания |
100 экз. |
| 320 |
Библиография |
__ |
| a |
Библиография |
Библиогр.: с. 492-519 |
| 330 |
Аннотация |
__ |
| a |
Аннотация |
Монография содержит полное и замкнутое изложение современного состояния теории квазиодномерных магнитных солитонов. Кроме традиционного описания нелинейной динамики магнетиков с помощью уравнений Ландау-Лифшица, излагается метод феноменологических лагранжианов спиновых волн. Наиболее эффективные методы интегрирования нелинейных уравнений - метод обратной задача рассеяния и процедура "одевания" - применяются для построения и анализа солитонных решений базовых моделей теории магнетизма. Специальные варианты редуктивной теории возмущений развиты для изучения слабонелинейной динамики обменно-магнитостатических волн в пластинах конечной толщины, а также магнитоупругих солитонов. В рамках модели синус-Гордон аналитически описана сильнонелинейная динамика в спиральных структурах магнетиков без центра инверсии. Книга адресована научным сотрудникам, аспирантам и студентам вузов. |
| 606 |
Тематические рубрики |
__ |
| a |
Основная рубрика |
Физика |
| 606 |
Тематические рубрики |
__ |
| a |
Основная рубрика |
Электрические и магнитные свойства твердых тел |
| 610 |
Ключевые слова |
__ |
| a |
Ключевые слова |
квазиодномерные магнитные солитоны |
| a |
Ключевые слова |
магнитные свойства |
| a |
Ключевые слова |
магнитные солитоны |
| a |
Ключевые слова |
свойства твердого тела |
| a |
Ключевые слова |
солитоны |
| a |
Ключевые слова |
твердые тела |
| a |
Ключевые слова |
теория квазиодномерных магнитных солитонов |
| a |
Ключевые слова |
теория магнетизма |
| a |
Ключевые слова |
теория солитонов |
| a |
Ключевые слова |
электрические свойства |
| 686 |
Индексы других классификаций |
__ |
| 2 |
Код системы |
rubbks |
| a |
Классификационный индекс |
22.37 |
| 700 |
Автор |
_1 |
| a |
Фамилия |
Борисов |
| b |
Имя |
А. Б. |
| g |
Полное личное имя |
Александр Борисович |
| 4 |
Код отношения |
070 |
| 701 |
Альтернативная интеллектуальная ответственность |
_1 |
| a |
Фамилия |
Киселев |
| b |
Имя |
В. В. |
| g |
Полное личное имя |
Владимир Валерьевич |
| 4 |
Код отношения |
070 |
| 801 |
Источник записи |
_0 |
| a |
Страна |
ru |
| b |
Организация |
Муниципальное бюджетное учреждение культуры "Централизованная библиотечная система" г. Сургут (Центральная городская библиотека им. А. С. Пушкина) |
| c |
Дата составления |
20161128 |
| g |
Правила каталогизации |
КиК/Котельникова |
| 801 |
Источник записи |
_1 |
| a |
Страна |
ru |
| b |
Организация |
Муниципальное бюджетное учреждение культуры "Централизованная библиотечная система" г. Сургут (Центральная городская библиотека им. А. С. Пушкина) |
| c |
Дата составления |
20161128 |
| g |
Правила каталогизации |
КиК/Котельникова |
| 852 |
Данные о местонахождении |
__ |
| j |
Шифр хранения |
22.37 |
| i |
Авторский знак |
Б 82 |
| 901 |
Тип документа |
__ |
| t |
Тип документа |
m |
| 903 |
Характеристики (МАРС) |
__ |
| a |
Дата передачи |
20161128 |
| 969 |
Тип издания |
__ |
| a |
Тип издания |
научное издание |
| 990 |
Данные о заказе (DOS) |
__ |
| j |
Количество экземпляров (DOS) |
1 |
| t |
N записи в КСУ для И/У (DOS) |
201611 |